| 000 | 00479nam a22001691a 4500 | ||
|---|---|---|---|
| 001 | 5937 | ||
| 003 | OSt | ||
| 005 | 20260204212033.0 | ||
| 008 | 060216s1972||||ve ||||||b||||||||||spa|| | ||
| 050 | _a987 S31t | ||
| 100 | _aSalazar Martínez, Francisco | ||
| 245 | _aTiempo de compadres de Cipriano Castro a Juan Vicente Gómez / Francisco Salazar Martínez | ||
| 264 | _aVenezuela : Librería Piñango | ||
| 300 | _a268 p | ||
| 650 | _a1.Historia - VenezuelaÌ | ||
| 942 |
_2ddc _cBK |
||
| 999 |
_c5937 _d5937 |
||